| 000 | 00411nam a22001577a 4500 | ||
|---|---|---|---|
| 005 | 20161022153532.0 | ||
| 008 | 161022b xxu||||| |||| 00| 0 eng d | ||
| 020 | _a978-81-83-61-535-8 | ||
| 041 | _aeng | ||
| 100 |
_aJOSHI,SHALINI,JOSHI,SHIV PRASAD _93641 |
||
| 245 | _aWEB PATRAKARITA NAYA MEDIA NAYE RUJHAN | ||
| 260 | _bRADHA KRISHNAN | ||
| 300 | _a115 | ||
| 650 |
_aMASS COM@JOURNALISM _93643 |
||
| 942 | _cBK | ||
| 999 |
_c5292 _d5290 |
||